| 000 | 00670cab a2200217 4500 | ||
|---|---|---|---|
| 001 | ABS39500 | ||
| 008 | 090401t1988 xxu||||| |||| 00| 0 eng d | ||
| 035 | _a(Sirsi) u17186 | ||
| 041 | _aeng | ||
| 100 | _aRidout, G. | ||
| 245 | _aPlugging the landfill loopholes | ||
| 260 | _c1988 | ||
| 350 | _a0 | ||
| 490 |
_aBuilding _v253(7558) 29 July 1988, 43(1) |
||
| 520 | _aReports on the growing concern over the generation of methane gas at landfill sites and the calls on Government by waste management experts to tighten up control of site operators. | ||
| 650 | _aDERELICT LAND | ||
| 650 | _aEXPLOSIONS | ||
| 690 | _aLAND | ||
| 942 | _n0 | ||
| 948 | _c04/03/1997 | ||
| 999 |
_c11397 _d11397 |
||